00738nam a2200193 a 450000100100000000500170001000800410002702000180006804000250008624501190011126000300023030000540026050400310031450000220034550400170036770000380038495201050042299900170052700004070920201002034324.0130905s2011 sp 001 0 spa d a9788441425255 aDO-SdBNPbspacBNPHU03aLa empresa de América :blos hombres que conquistaron imperios y gestaron naciones /cPatricio de Blas Zabaleta. bMadrid :,cEdaf eec2011. a307 p., [16] p. de lám. :bil., mapas ;c23 cm. aBibliografía: p.295-298. aIncluye índices aDesplegables1 aBlas Zabaleta, Patricio de967093 001050718MOaGRbGRcCTd2013-09-05iLF1l0o p40709-10r2020-06-25w2020-06-25y1ZNo se presta c40199d40199